Normal view
MARC view
- Illegal arms transfers
Entry Topical Term
001 - CONTROL NUMBER
- control field: 12000
003 - CONTROL NUMBER IDENTIFIER
- control field: NUST
005 - DATE AND TIME OF LATEST TRANSACTION
- control field: 20180726064030.0
008 - FIXED-LENGTH DATA ELEMENTS
- fixed length control field: 180726|| aca||aabn | a|a d
040 ## - CATALOGING SOURCE
- Original cataloging agency: NUST
- Transcribing agency: NUST
150 ## - HEADING--TOPICAL TERM
- Topical term or geographic name entry element: Illegal arms transfers
670 ## - SOURCE DATA FOUND
- Source citation: Work cat.: (NUST)173315: Le Carré, John, 1931- 11818, The night manager :, 1993.
